[Event "Guernsey Holiday"]
[Site "Guernsey GCI"]
[Date "2006.10.18"]
[Round "4"]
[White "Guttridge, David"]
[Black "Collier, Michael J"]
[Result "0-1"]
[WhiteElo "1608"]
[BlackElo "1536"]
[PlyCount "50"]
[EventDate "2006.10.15"]
[SourceDate "2006.11.12"]

1. e4 c5 2. d4 cxd4 3. c3 dxc3 4. Nxc3 d6 5. Nf3 g6 6. Bc4 Bg7 7. Qb3 e6 8. O-O
Nf6 9. e5 dxe5 10. Rd1 Nbd7 11. Nxe5 Qe7 12. Nxd7 Nxd7 13. Bf4 Be5 14. Rxd7
Bxd7 15. Bxe5 f6 16. Bg3 Rc8 17. Re1 Kf7 18. Nd5 Qd8 19. Nf4 Kg7 20. Nxe6+ Bxe6
21. Bxe6 Qd2 22. Rd1 Rc1 23. Bg4 Rd8 24. Qxb7+ Kh6 25. h3 Qxd1+ 0-1

[Event "Guernsey Holiday"]
[Site "Guernsey GCI"]
[Date "2006.10.18"]
[Round "4"]
[White "Ruigrok, Jacques"]
[Black "Carlucci, Paul A"]
[Result "0-1"]
[WhiteElo "1758"]
[BlackElo "1728"]
[PlyCount "76"]
[EventDate "2006.10.15"]
[SourceDate "2006.11.12"]

1. e4 d5 2. exd5 Qxd5 3. Nc3 Qa5 4. b4 Qb6 5. Rb1 Nf6 6. Nf3 c6 7. Be2 Bf5 8.
d4 e6 9. O-O Be7 10. Bf4 O-O 11. Bd3 Bg4 12. Na4 Qd8 13. c3 Nd5 14. Bd2 Nd7 15.
Nc5 Nxc5 16. bxc5 Qc7 17. Qc2 Nf6 18. Ne5 b6 19. Bg5 Bf5 20. Bxf5 exf5 21. cxb6
axb6 22. Rfe1 Bd6 23. Qxf5 Bxe5 24. Rxe5 Nd5 25. Re4 Rxa2 26. Rh4 g6 27. Qh3 f6
28. Qe6+ Qf7 29. Qxf7+ Rxf7 30. Bh6 Re7 31. g3 Rc2 32. Ra1 g5 33. Ra8+ Kf7 34.
Rf8+ Kg6 35. Rg8+ Kf5 36. g4+ Ke4 37. Rh3 Rc1+ 38. Kg2 Nf4+ 0-1

[Event "Guernsey Holiday"]
[Site "Guernsey GCI"]
[Date "2006.10.18"]
[Round "4"]
[White "Jongerius, Marc"]
[Black "Gibson, John"]
[Result "0-1"]
[WhiteElo "1651"]
[BlackElo "1744"]
[PlyCount "60"]
[EventDate "2006.10.15"]
[SourceDate "2006.11.12"]

1. e4 d6 2. d4 g6 3. Nf3 Bg7 4. Be3 c6 5. c3 b5 6. Qb3 Nf6 7. Bd3 O-O 8. O-O
Be6 9. d5 cxd5 10. Nd4 Bd7 11. Bxb5 dxe4 12. Bxd7 Qxd7 13. Nd2 Nc6 14. f3 Rfb8
15. Qc2 Nxd4 16. Bxd4 e5 17. Be3 Nd5 18. Qxe4 Nxe3 19. Qxe3 Rxb2 20. Nc4 Rb5
21. Rab1 Rc5 22. Qe4 Rac8 23. Rb4 Qe6 24. Ne3 d5 25. Qb1 Rxc3 26. Nd1 Rc1 27.
Qb3 Qc6 28. Ne3 Rc3 29. Nxd5 Qc5+ 30. Kh1 Rxb3 0-1

[Event "Guernsey Holiday"]
[Site "Guernsey GCI"]
[Date "2006.10.18"]
[Round "4"]
[White "Nalichowski, Sebastian"]
[Black "Onwezen, Eric"]
[Result "0-1"]
[WhiteElo "1740"]
[BlackElo "1630"]
[PlyCount "87"]
[EventDate "2006.10.15"]
[SourceDate "2006.11.12"]

1. e4 e5 2. Nf3 Nc6 3. Bc4 Be7 4. O-O Nf6 5. Re1 O-O 6. c3 d6 7. h3 Na5 8. Bf1
Nc6 9. Bb5 Bd7 10. Ba4 Qc8 11. d4 a6 12. d5 Nd8 13. Bxd7 Qxd7 14. c4 b6 15. Nc3
Nb7 16. Be3 Ne8 17. g4 h5 18. Nh2 Nc5 19. b4 Nb7 20. Kg2 h4 21. Nf3 a5 22. b5
Nc5 23. Kh2 g6 24. Rg1 Kh7 25. g5 Ng7 26. Rg4 Nh5 27. Rxh4 Kg7 28. Ng1 Rh8 29.
Qg4 Qxg4 30. Rxg4 Nd3 31. Nce2 Rh7 32. Rd1 Nc5 33. Bxc5 bxc5 34. Ng3 Nf4 35.
N3e2 Rah8 36. Nxf4 exf4 37. Rd3 Rh5 38. Rxf4 Bxg5 39. Rff3 Rh4 40. Ra3 Ra8 41.
Kg2 Rxe4 42. Ra4 Bf6 43. Rfa3 Ra7 44. Rf3 {0-1, Time.} 0-1

[Event "Guernsey Holiday"]
[Site "Guernsey GCI"]
[Date "2006.10.18"]
[Round "4"]
[White "Paardekam, Rene"]
[Black "Brent, Derek"]
[Result "1-0"]
[WhiteElo "1732"]
[BlackElo "1336"]
[PlyCount "48"]
[EventDate "2006.10.15"]
[SourceDate "2006.11.12"]

1. e4 g6 2. d4 Bg7 3. c4 d6 4. Nc3 Nc6 5. Be3 e5 6. d5 Nce7 7. f3 f5 8. Qd2 f4
9. Bf2 g5 10. g3 Ng6 11. c5 a6 12. Na4 Bd7 13. Qb4 Nf6 14. cxd6 cxd6 15. Nb6
Rb8 16. Nc4 O-O 17. Nxd6 g4 18. Bb6 Qe7 19. Qc5 gxf3 20. Nxf3 fxg3 21. Ng5 Ng4
22. Ne6 Bxe6 23. dxe6 Nxh2 24. Nf5 Qxe6 1-0

[Event "Guernsey Holiday"]
[Site "Guernsey GCI"]
[Date "2006.10.18"]
[Round "4"]
[White "Ruhle, Ernst A"]
[Black "Finch, Russell"]
[Result "0-1"]
[WhiteElo "1608"]
[BlackElo "1725"]
[PlyCount "56"]
[EventDate "2006.10.15"]
[SourceDate "2006.11.12"]

1. b4 e6 2. Bb2 f5 3. e3 Nf6 4. b5 Be7 5. Nf3 O-O 6. Be2 d6 7. O-O Qe8 8. a4
Bd7 9. c4 e5 10. d3 Kh8 11. Nc3 h6 12. Qc2 g5 13. e4 g4 14. Ne1 f4 15. f3 h5
16. Nd1 Rg8 17. d4 Bd8 18. dxe5 dxe5 19. Qc3 gxf3 20. Bxf3 Rg5 21. Nd3 Ng4 22.
h3 Bf6 23. Nxf4 exf4 24. Qc2 Ne5 25. Kh2 Rg3 26. Nf2 Qg6 27. Nd3 Nxf3+ 28. gxf3
Rxh3# 0-1

[Event "Guernsey Holiday"]
[Site "Guernsey GCI"]
[Date "2006.10.18"]
[Round "4"]
[White "Forbes, Garry"]
[Black "Ince, Darren"]
[Result "1-0"]
[WhiteElo "1700"]
[BlackElo "1528"]
[PlyCount "49"]
[EventDate "2006.10.15"]
[SourceDate "2006.11.12"]

1. d4 d5 2. Nf3 Nf6 3. Bf4 Nbd7 4. e3 e6 5. Bd3 Be7 6. O-O b6 7. h3 O-O 8. c4
c5 9. Nc3 Bb7 10. Re1 Ne4 11. cxd5 exd5 12. Qc2 Ndf6 13. Nd2 Nxd2 14. Qxd2 cxd4
15. exd4 a6 16. Rac1 Bd6 17. a3 Rc8 18. Bxd6 Qxd6 19. Re5 Rfe8 20. Rce1 Qd7 21.
Bf5 Qd8 22. Bxc8 Qxc8 23. Qe3 Rxe5 24. Qxe5 Bc6 25. b4 1-0

[Event "Guernsey Holiday"]
[Site "Guernsey GCI"]
[Date "2006.10.18"]
[Round "4"]
[White "Collins, Alan"]
[Black "Brooker, Chris H"]
[Result "0-1"]
[WhiteElo "1496"]
[BlackElo "1700"]
[PlyCount "134"]
[EventDate "2006.10.15"]
[SourceDate "2006.11.12"]

1. d4 Nf6 2. c4 e6 3. Nc3 Bb4 4. f3 c5 5. a3 Bxc3+ 6. bxc3 d5 7. cxd5 exd5 8.
e3 O-O 9. Bd3 Qe7 10. Ne2 Re8 11. O-O Nc6 12. Bb5 Bd7 13. c4 Nxd4 14. Nxd4 cxd4
15. Qxd4 a6 16. Bxd7 Qxd7 17. cxd5 Qxd5 18. Qxd5 Nxd5 19. e4 Nc3 20. Bb2 Rac8
21. Bxc3 Rxc3 22. Rfd1 g6 23. Ra2 Rec8 24. Rdd2 b5 25. Kf2 a5 26. Ke2 b4 27.
axb4 axb4 28. Rab2 b3 29. Kf2 Kg7 30. Ke2 Kf6 31. g3 h5 32. h4 R8c6 33. Kf2 Ke6
34. Ke2 f5 35. exf5+ Kxf5 36. Rd5+ Kf6 37. Rdd2 Re6+ 38. Kf2 Ree3 39. Rd6+ Kf7
40. Rb6 Rxf3+ 41. Ke1 Rxg3 42. Rf2+ Rcf3 43. Rb7+ Ke6 44. Rb4 Kd5 45. Rb8 Re3+
46. Kf1 Rgf3 47. Rd8+ Kc6 48. Rb8 Rd3 49. Rxf3 Rxf3+ 50. Ke2 Rf4 51. Rxb3 Rxh4
52. Kf2 Rg4 53. Rd3 h4 54. Rh3 g5 55. Rh1 Rd4 56. Ke3 Kd5 57. Ra1 Ke5 58. Ra8
Rf4 59. Re8+ Kf5 60. Rf8+ Kg4 61. Ra8 Rf3+ 62. Ke2 Kg3 63. Ra1 g4 64. Rg1+ Kf4
65. Ra1 h3 66. Ra4+ Kg3 67. Ra1 h2 0-1

[Event "Guernsey Holiday"]
[Site "Guernsey GCI"]
[Date "2006.10.18"]
[Round "4"]
[White "Palmer, Eric"]
[Black "Dokter, Marike"]
[Result "1/2-1/2"]
[WhiteElo "1575"]
[BlackElo "1601"]
[PlyCount "43"]
[EventDate "2006.10.15"]
[SourceDate "2006.11.12"]

1. e4 e5 2. Nf3 Nc6 3. Bb5 a6 4. Bxc6 dxc6 5. d3 f6 6. h3 Bd6 7. Be3 Ne7 8.
Nbd2 b5 9. c3 c5 10. c4 c6 11. O-O Be6 12. Rc1 Ng6 13. Re1 O-O 14. b3 Qe7 15.
Nf1 Rad8 16. Ng3 Nf4 17. Bxf4 exf4 18. Nf5 Bxf5 19. exf5 Qf7 20. Qc2 Qh5 21. d4
Rfe8 22. cxb5 1/2-1/2

[Event "Guernsey Holiday"]
[Site "Guernsey GCI"]
[Date "2006.10.18"]
[Round "4"]
[White "Nalichowski, Bogdan"]
[Black "Kearsley, Ray J"]
[Result "1-0"]
[WhiteElo "1505"]
[BlackElo "1640"]
[PlyCount "61"]
[EventDate "2006.10.15"]
[SourceDate "2006.11.12"]

1. c4 Nf6 2. Nc3 g6 3. Nf3 Bg7 4. d4 d5 5. cxd5 Nxd5 6. e4 Nxc3 7. bxc3 O-O 8.
Bc4 c5 9. e5 Nc6 10. O-O Bg4 11. h3 cxd4 12. hxg4 dxc3 13. Qb3 Nxe5 14. Nxe5
Bxe5 15. Bh6 e6 16. Bxf8 Qh4 17. Rfe1 Qh2+ 18. Kf1 Qh1+ 19. Ke2 Qxg2 20. Bc5
Qxg4+ 21. f3 Qg2+ 22. Bf2 Bd4 23. Rf1 Rd8 24. Rad1 e5 25. Bxf7+ Kg7 26. Qxb7
Rf8 27. Bd5+ Kh8 28. Qc7 Qg5 29. Rd3 Re8 30. Qc4 Rb8 31. Rxc3 1-0

[Event "Guernsey Holiday"]
[Site "Guernsey GCI"]
[Date "2006.10.18"]
[Round "4"]
[White "Naldrett, Geoffrey W"]
[Black "O'Connor, Jonathan"]
[Result "1-0"]
[WhiteElo "1568"]
[BlackElo "1605"]
[PlyCount "99"]
[EventDate "2006.10.15"]
[SourceDate "2006.11.12"]

1. e4 c5 2. c3 d5 3. exd5 Qxd5 4. d4 c4 5. Qf3 Be6 6. Na3 Qc6 7. Qxc6+ Nxc6 8.
Bxc4 Bxc4 9. Nxc4 Rc8 10. Ne5 e6 11. Ngf3 f6 12. Nd3 Bd6 13. O-O Nge7 14. Re1
Kf7 15. Bf4 Bc7 16. Re2 Nd5 17. Bxc7 Rxc7 18. Rae1 Re8 19. Nd2 b5 20. Ne4 Rd8
21. Nec5 e5 22. dxe5 Nxe5 23. Nxe5+ fxe5 24. Nd3 Kf6 25. Nxe5 Re7 26. Ng4+ Kg5
27. Rxe7 Nxe7 28. f3 Nf5 29. Kf2 h5 30. Ne5 Rd2+ 31. Re2 Rxe2+ 32. Kxe2 Kf6 33.
Nc6 a6 34. b4 Ke6 35. Nb8 Kd5 36. g4 hxg4 37. fxg4 Nh4 38. Kd3 Nf3 39. Nxa6
Nxh2 40. Nc7+ Kc6 41. Ne6 Nxg4 42. Nxg7 Kd5 43. Nf5 Ne5+ 44. Kc2 Nc4 45. Nd4
Na3+ 46. Kb3 Nb1 47. Nxb5 Nd2+ 48. Kc2 Nc4 49. a4 Ne3+ 50. Kd3 1-0

[Event "Guernsey Holiday"]
[Site "Guernsey GCI"]
[Date "2006.10.18"]
[Round "4"]
[White "Cox, Reginald E"]
[Black "Van Rooijen, Gerardus C"]
[Result "0-1"]
[WhiteElo "1088"]
[BlackElo "1589"]
[PlyCount "96"]
[EventDate "2006.10.15"]
[SourceDate "2006.11.12"]

1. e4 c5 2. d3 d6 3. Nd2 e6 4. Ngf3 Nf6 5. g3 Be7 6. Bg2 O-O 7. O-O Nc6 8. b3
Qc7 9. Bb2 a6 10. Re1 Bd7 11. a3 Rac8 12. c4 Ne8 13. e5 dxe5 14. Nxe5 Bf6 15.
Ndf3 Nd6 16. Rb1 Nf5 17. Nxd7 Qxd7 18. Bxf6 gxf6 19. Nh4 Nxh4 20. Qg4+ Ng6 21.
h4 Kh8 22. h5 Nge5 23. Qf4 Qe7 24. Rbd1 Rg8 25. Bh3 Rcd8 26. Re3 Rd4 27. Re4
Rxd3 28. Rxd3 Nxd3 29. Qd2 Nde5 30. Kg2 Nd4 31. b4 Ndf3 32. Qe3 Ng5 33. Rh4
Nxh3 34. Kxh3 cxb4 35. axb4 Rd8 36. Qf4 Rg8 37. Qh6 f5 38. Qe3 f6 39. f4 Ng4
40. Qb6 Qd7 41. Qg1 Qd3 42. c5 Rd8 43. Qe1 Qc2 44. Rxg4 fxg4+ 45. Kxg4 Qd1+ 46.
Qxd1 Rxd1 47. f5 Rd4+ 48. Kf3 e5 0-1

[Event "Guernsey Holiday"]
[Site "Guernsey GCI"]
[Date "2006.10.18"]
[Round "4"]
[White "Harnden, Terry"]
[Black "James, Howard"]
[Result "1-0"]
[WhiteElo "1515"]
[BlackElo "1450"]
[PlyCount "107"]
[EventDate "2006.10.15"]
[SourceDate "2006.11.12"]

1. e4 e6 2. d4 g6 3. f3 c6 4. Nc3 Bg7 5. Be3 Ne7 6. Qd2 O-O 7. O-O-O a6 8. Bc4
b5 9. Bb3 d6 10. h4 Nd7 11. h5 a5 12. a3 Rb8 13. Bh6 d5 14. Bxg7 Kxg7 15. hxg6
Rh8 16. Qh6+ Kf6 17. e5+ Nxe5 18. dxe5+ Kxe5 19. Qh2+ Kf6 20. Qxb8 Nxg6 21. Qa7
Kg7 22. Qd4+ f6 23. Nce2 e5 24. Qd2 h5 25. g4 h4 26. Nh3 Bb7 27. f4 c5 28. Bxd5
Bxd5 29. Qxd5 Qxd5 30. Rxd5 Rc8 31. g5 exf4 32. Nexf4 Ne5 33. Nh5+ Kg6 34. gxf6
Kxh5 35. Rxe5+ Kg6 36. Rf1 Rc7 37. f7 Rxf7 38. Rxf7 Kxf7 39. Rxc5 Kf6 40. Rxb5
Kg6 41. c4 Kf6 42. c5 Ke7 43. Rxa5 Kd7 44. b4 Kc6 45. a4 Kb7 46. b5 Kb8 47. Ra6
Kb7 48. Rh6 Kc7 49. a5 Kb8 50. Rh7 Kc8 51. a6 Kb8 52. b6 Kc8 53. a7 Kd8 54.
a8=Q# 1-0

[Event "Guernsey Holiday"]
[Site "Guernsey GCI"]
[Date "2006.10.18"]
[Round "4"]
[White "Moriarty, Tom"]
[Black "Newrick, William R"]
[Result "0-1"]
[WhiteElo "1565"]
[BlackElo "1400"]
[PlyCount "84"]
[EventDate "2006.10.15"]
[SourceDate "2006.11.12"]

1. d4 d5 2. e3 e6 3. Nf3 c5 4. c3 Nc6 5. Bd3 Nf6 6. O-O Bd6 7. Nbd2 O-O 8. Re1
Re8 9. e4 e5 10. dxe5 Nxe5 11. Nxe5 Bxe5 12. Nf3 Bg4 13. Bb5 Re6 14. Bg5 h6 15.
Bxf6 Bxf6 16. Qxd5 Bxf3 17. Qxd8+ Rxd8 18. gxf3 Bh4 19. Bf1 Rd2 20. Re2 Rg6+
21. Kh1 Bxf2 22. Rxf2 Rxf2 23. Bc4 Rb6 24. b3 Rxf3 25. Rd1 g5 26. e5 Kf8 27.
Bd5 Re3 28. Rf1 Rxe5 29. Rxf7+ Ke8 30. c4 Re7 31. Rf2 Rd6 32. Rd2 Kd7 33. Rf2
Kc7 34. Rb2 a5 35. a3 b6 36. b4 axb4 37. axb4 cxb4 38. Rxb4 Re5 39. Bf3 Rc5 40.
Ra4 Re5 41. Rb4 Rd7 42. Rb1 Rh7 0-1

[Event "Guernsey Holiday"]
[Site "Guernsey GCI"]
[Date "2006.10.18"]
[Round "4"]
[White "Le Maitre, Richard"]
[Black "Herschmann, Heinz"]
[Result "1/2-1/2"]
[WhiteElo "1420"]
[BlackElo "1280"]
[PlyCount "74"]
[EventDate "2006.10.15"]
[SourceDate "2006.11.12"]

1. d4 e6 2. e4 d5 3. e5 c5 4. c3 c4 5. Nf3 h6 6. Bf4 Be7 7. h3 Bg5 8. Bg3 f5 9.
h4 Be7 10. Bf4 Nd7 11. b4 Nf8 12. h5 Nh7 13. Qd2 Bg5 14. a4 Bd7 15. Qe3 Qe7 16.
Nbd2 O-O-O 17. Be2 Be8 18. Nxg5 hxg5 19. Bh2 Nh6 20. f4 g4 21. Bg3 Qf7 22. Qg1
Rd7 23. Qh2 Qe7 24. O-O Qf7 25. Rfb1 Qxh5 26. Qxh5 Bxh5 27. Bd1 Kc7 28. a5 Rb8
29. Ba4 Re7 30. b5 Kc8 31. Rb4 Be8 32. Rab1 Rf7 33. R1b2 Ng8 34. Nb1 Re7 35.
Na3 Rf7 36. b6 Bxa4 37. Rxa4 a6 1/2-1/2

[Event "Guernsey Holiday"]
[Site "Guernsey GCI"]
[Date "2006.10.19"]
[Round "5"]
[White "Haisma, Henk"]
[Black "Collier, Michael J"]
[Result "1/2-1/2"]
[WhiteElo "1664"]
[BlackElo "1536"]
[PlyCount "58"]
[EventDate "2006.10.15"]
[SourceDate "2006.11.12"]

1. b4 Nf6 2. Bb2 e6 3. a3 d5 4. e3 Be7 5. Nf3 Bd7 6. d3 O-O 7. Nbd2 a6 8. c4
dxc4 9. Nxc4 b5 10. Nce5 c5 11. bxc5 Bxc5 12. Nxd7 Nbxd7 13. d4 Be7 14. Bd3
Qa5+ 15. Nd2 Rac8 16. O-O Rc7 17. Nb3 Qb6 18. Qd2 Rfc8 19. e4 Qb8 20. Rac1 Nb6
21. Rxc7 Qxc7 22. Na5 Na4 23. Rc1 Qd7 24. Rxc8+ Qxc8 25. Bc1 Bd8 26. Nb3 Be7
27. f3 Qc7 28. Qc2 Qxc2 29. Bxc2 Nd7 1/2-1/2

[Event "Guernsey Holiday"]
[Site "Guernsey GCI"]
[Date "2006.10.19"]
[Round "5"]
[White "Gibson, John"]
[Black "Kershaw, Graham J"]
[Result "1-0"]
[WhiteElo "1744"]
[BlackElo "1640"]
[PlyCount "81"]
[EventDate "2006.10.15"]
[SourceDate "2006.11.12"]

1. d4 Nf6 2. Bf4 e6 3. Nf3 d5 4. e3 c5 5. c3 Nc6 6. Bd3 Be7 7. Nbd2 Qb6 8. Rb1
Bd7 9. h3 Rc8 10. O-O cxd4 11. exd4 Na5 12. Ne5 Bb5 13. Bxb5+ Qxb5 14. a4 Qb6
15. b4 Nc4 16. Nexc4 dxc4 17. Qf3 O-O 18. Rfe1 Rfd8 19. Ne4 Qc6 20. Nxf6+ Bxf6
21. Qxc6 Rxc6 22. b5 Rcc8 23. Rbd1 Rd5 24. Bc1 h6 25. Ba3 Bd8 26. Re5 Ba5 27.
Rxd5 exd5 28. Rc1 Re8 29. Kf1 Re6 30. Bc5 b6 31. Ba3 g6 32. Bb2 Re8 33. Re1 Rd8
34. Re7 Kg7 35. Rxa7 Kf6 36. Rc7 Re8 37. Rc6+ Kf5 38. Rd6 Ke4 39. Ke2 h5 40.
Kd2 g5 41. Rf6 1-0

[Event "Guernsey Holiday"]
[Site "Guernsey GCI"]
[Date "2006.10.19"]
[Round "5"]
[White "Onwezen, Eric"]
[Black "Paardekam, Rene"]
[Result "1/2-1/2"]
[WhiteElo "1630"]
[BlackElo "1732"]
[PlyCount "45"]
[EventDate "2006.10.15"]
[SourceDate "2006.11.12"]

1. e4 Nf6 2. Nc3 d5 3. exd5 Nxd5 4. Nxd5 Qxd5 5. d4 Nc6 6. Be3 Bf5 7. c3 e6 8.
Nf3 Be7 9. Bd3 Bxd3 10. Qxd3 e5 11. Qf5 g6 12. Qh3 e4 13. Nd2 f5 14. Qh6 O-O-O
15. b4 Qf7 16. Nb3 Bf8 17. Qh3 Qc4 18. Rc1 Ne7 19. g3 Nd5 20. Qf1 Qc6 21. b5
Qf6 22. Qc4 Nb6 23. Qe2 1/2-1/2

[Event "Guernsey Holiday"]
[Site "Guernsey GCI"]
[Date "2006.10.19"]
[Round "5"]
[White "Carlucci, Paul A"]
[Black "Heymuth, Manfred"]
[Result "1-0"]
[WhiteElo "1728"]
[BlackElo "1633"]
[PlyCount "97"]
[EventDate "2006.10.15"]
[SourceDate "2006.11.12"]

1. d4 c6 2. Nf3 d5 3. e3 Bf5 4. Be2 Nf6 5. O-O Nbd7 6. b3 h6 7. Bb2 e6 8. Nbd2
Bd6 9. Ne5 O-O 10. a3 Ne4 11. c4 Nxd2 12. Qxd2 Rc8 13. Nxd7 Qxd7 14. c5 Bc7 15.
Bd3 Bxd3 16. Qxd3 Qe7 17. f4 f5 18. Bc3 Rf6 19. Be1 Rg6 20. Ra2 Bd8 21. Rf3 Qf7
22. b4 a6 23. a4 Ra8 24. Rff2 Bh4 25. g3 Bd8 26. Rg2 Rf6 27. g4 Rg6 28. h3 fxg4
29. hxg4 Qe8 30. Rae2 Rf6 31. g5 hxg5 32. fxg5 Qg6 33. e4 Rf7 34. Qh3 Bxg5 35.
Bd2 Qh6 36. Qxh6 gxh6 37. Bxg5 hxg5 38. exd5 exd5 39. Rxg5+ Rg7 40. Rxg7+ Kxg7
41. Re7+ Kf6 42. Rxb7 Kf5 43. Rb6 a5 44. b5 cxb5 45. axb5 a4 46. Ra6 Rxa6 47.
bxa6 Ke4 48. a7 Kxd4 49. c6 1-0

[Event "Guernsey Holiday"]
[Site "Guernsey GCI"]
[Date "2006.10.19"]
[Round "5"]
[White "Stanners, Michael J"]
[Black "Egan, Colm"]
[Result "0-1"]
[WhiteElo "1624"]
[BlackElo "1679"]
[PlyCount "122"]
[EventDate "2006.10.15"]
[SourceDate "2006.11.12"]

1. d4 f5 2. Bg5 g6 3. Nc3 d5 4. e3 Bg7 5. Bd3 c6 6. Nh3 Qb6 7. Na4 Qc7 8. Nf4
e5 9. dxe5 Qxe5 10. O-O Nf6 11. Bxf6 Qxf6 12. c4 dxc4 13. Be2 b5 14. Nc3 Nd7
15. Rc1 a5 16. Bf3 Rb8 17. Nh3 O-O 18. Be2 Kh8 19. f4 Qe7 20. Qd2 Re8 21. Nd1
Nc5 22. Nhf2 a4 23. Bf3 Bb7 24. Re1 Rbd8 25. Qc2 Ne6 26. Nc3 Nd4 27. Qb1 Nxf3+
28. gxf3 Rd7 29. Rc2 Red8 30. Qc1 Rd6 31. Rd1 Rxd1+ 32. Ncxd1 c5 33. Kg2 Qd7
34. Nc3 b4 35. Ne2 Ba6 36. e4 Bd4 37. Rd2 Qc7 38. e5 Kg7 39. Qd1 Qb6 40. Qxa4
Bb7 41. Qd1 Qc6 42. Ng1 Qa6 43. Ne2 Qc6 44. Ng1 Ra8 45. Qb1 Qa6 46. a3 Bc6 47.
axb4 Bxf2 48. Kxf2 cxb4 49. Ne2 Qb6+ 50. Nd4 Rd8 51. Ke3 Bxf3 52. Kxf3 Rxd4 53.
Qd1 Qc6+ 54. Kg3 Rxd2 55. Qxd2 c3 56. Qd4 Qe4 57. Qa7+ Kh6 58. bxc3 Qe1+ 59.
Kf3 Qxc3+ 60. Ke2 Qc2+ 61. Ke3 Qe4+ 0-1

[Event "Guernsey Holiday"]
[Site "Guernsey GCI"]
[Date "2006.10.19"]
[Round "5"]
[White "Foster, Paul"]
[Black "Forbes, Garry"]
[Result "1/2-1/2"]
[WhiteElo "1600"]
[BlackElo "1700"]
[PlyCount "32"]
[EventDate "2006.10.15"]
[SourceDate "2006.11.12"]

1. e4 g6 2. d4 Bg7 3. Nf3 d6 4. Bc4 Nf6 5. Qd3 O-O 6. Nbd2 d5 7. exd5 Nxd5 8.
Ne4 Nb6 9. Bb3 Bf5 10. O-O Nc6 11. Rd1 Na5 12. Qe2 Nxb3 13. axb3 c6 14. c4 Qc7
15. g3 Bg4 16. Nc5 Nd7 1/2-1/2

[Event "Guernsey Holiday"]
[Site "Guernsey GCI"]
[Date "2006.10.19"]
[Round "5"]
[White "Finch, Russell"]
[Black "Guttridge, David"]
[Result "1/2-1/2"]
[WhiteElo "1725"]
[BlackElo "1608"]
[PlyCount "39"]
[EventDate "2006.10.15"]
[SourceDate "2006.11.12"]

1. f4 d5 2. Nf3 Nf6 3. e3 Bg4 4. Be2 Nbd7 5. O-O c6 6. Ne5 Bxe2 7. Qxe2 Qc7 8.
d4 g6 9. Nd2 Ne4 10. Nxe4 dxe4 11. b3 f6 12. Ng4 f5 13. Nf2 Nf6 14. c4 e6 15.
Bb2 Bg7 16. Rac1 O-O 17. Rfd1 Qf7 18. Rc2 Rfd8 19. Rcd2 Rd7 20. Bc3 1/2-1/2

[Event "Guernsey Holiday"]
[Site "Guernsey GCI"]
[Date "2006.10.19"]
[Round "5"]
[White "Brooker, Chris H"]
[Black "Nalichowski, Bogdan"]
[Result "1-0"]
[WhiteElo "1700"]
[BlackElo "1505"]
[PlyCount "121"]
[EventDate "2006.10.15"]
[SourceDate "2006.11.12"]

1. f4 e5 2. fxe5 d6 3. exd6 Bxd6 4. Nf3 g5 5. g3 h5 6. d4 f6 7. Qd3 Ne7 8. e4
b6 9. Be3 Bg4 10. Nbd2 Nbc6 11. c3 Qd7 12. O-O-O Na5 13. Be2 a6 14. Kb1 Qc6 15.
Rdf1 Qb7 16. Nc4 Nxc4 17. Qxc4 Qxe4+ 18. Qd3 Qc6 19. Ka1 Bh3 20. Rf2 Bf5 21.
Qd1 Qe4 22. Bd2 Qc6 23. Re1 O-O-O 24. Bf1 Be4 25. Bxa6+ Kb8 26. Qe2 Bd5 27. c4
Bxf3 28. Rxf3 Rhe8 29. Bb5 Qa8 30. Bxe8 Rxe8 31. Rxf6 Qa4 32. Bxg5 Qa5 33. Bd2
Qa4 34. b3 Qa3 35. Bf4 Bb4 36. Bd2 Kb7 37. Bxb4 Qxb4 38. Rf3 Qa3 39. Qb2 Qb4
40. Rfe3 Qd6 41. b4 Ra8 42. Rxe7 Ra4 43. c5 Qd5 44. R7e4 Qc4 45. cxb6 Rxb4 46.
Qc1 Qd3 47. Qxc7+ Ka6 48. Qa7+ Kb5 49. Re5+ Kc4 50. Qa6+ Kxd4 51. Qxd3+ Kxd3
52. Rb1 Ra4 53. b7 h4 54. b8=Q hxg3 55. Qb5+ Rc4 56. hxg3 Kd2 57. Rd5+ Ke3 58.
Qxc4 Kf3 59. Rb3+ Kg2 60. Rd2+ Kh3 61. Qh4# 1-0

[Event "Guernsey Holiday"]
[Site "Guernsey GCI"]
[Date "2006.10.19"]
[Round "5"]
[White "Van Rooijen, Gerardus C"]
[Black "Ruigrok, Jacques"]
[Result "1/2-1/2"]
[WhiteElo "1589"]
[BlackElo "1758"]
[PlyCount "59"]
[EventDate "2006.10.15"]
[SourceDate "2006.11.12"]

1. d4 Nf6 2. c4 e5 3. dxe5 Ne4 4. Nf3 Bb4+ 5. Bd2 Nxd2 6. Nbxd2 Nc6 7. e3 Qe7
8. Be2 Nxe5 9. a3 Bxd2+ 10. Qxd2 d6 11. Nxe5 dxe5 12. O-O O-O 13. b4 Be6 14. c5
Rfd8 15. Qc3 Bd5 16. f3 e4 17. f4 Re8 18. g4 h6 19. Rf2 Qf6 20. Qxf6 gxf6 21.
Rg2 Kh7 22. h4 Rg8 23. g5 fxg5 24. fxg5 hxg5 25. hxg5 Rae8 26. Kf2 Re5 27. Rh1+
Kg7 28. Rhg1 Kf8 29. Ke1 Ke7 30. Kd2 1/2-1/2

[Event "Guernsey Holiday"]
[Site "Guernsey GCI"]
[Date "2006.10.19"]
[Round "5"]
[White "Nalichowski, Sebastian"]
[Black "Naldrett, Geoffrey W"]
[Result "0-1"]
[WhiteElo "1740"]
[BlackElo "1568"]
[PlyCount "130"]
[EventDate "2006.10.15"]
[SourceDate "2006.11.12"]

1. e4 e5 2. Nf3 Nc6 3. Bb5 a6 4. Ba4 Nf6 5. O-O Nxe4 6. Re1 Nc5 7. Bxc6 dxc6 8.
Nxe5 Ne6 9. Qf3 Qf6 10. Qxf6 gxf6 11. Nf3 Bd7 12. b3 Bg7 13. Bb2 O-O 14. Nc3
Rad8 15. Ne4 f5 16. Bxg7 Kxg7 17. Ng3 Nf4 18. d3 Rfe8 19. Kf1 Kf6 20. Ne2 Nxe2
21. Rxe2 Rxe2 22. Kxe2 Be6 23. a4 Bd5 24. Ne1 Re8+ 25. Kf1 c5 26. f4 a5 27. Rd1
Rd8 28. Rd2 c4 29. dxc4 Bxc4+ 30. Nd3 Ba6 31. c4 b6 32. Ke2 Bb7 33. g3 Be4 34.
Nf2 Rxd2+ 35. Kxd2 h5 36. h4 c5 37. Kc3 Ke6 38. Nd1 f6 39. Ne3 Bf3 40. Kd2 Be4
41. Nd1 Kd6 42. Nc3 Bc6 43. Ke3 Ke6 44. Kd3 Kd6 45. Kd2 Ke6 46. Nb1 Be4 47. Nc3
Bc6 48. Ke3 Kd6 49. Ke2 Ke6 50. Kd1 Kd6 51. Kd2 Ke6 52. Nd1 Be4 53. Nf2 Bc6 54.
Kd3 Kd6 55. Nd1 Be4+ 56. Kd2 Ke6 57. Ne3 Bc6 58. Kc3 Be4 59. b4 cxb4+ 60. Kd4
Kd6 61. Nd1 Bc2 62. Nb2 Kc6 63. Nd3 Bxd3 64. Kxd3 Kc5 65. Kc2 Kxc4 {0-1, Time.}
0-1

[Event "Guernsey Holiday"]
[Site "Guernsey GCI"]
[Date "2006.10.19"]
[Round "5"]
[White "Kok, Franciscus"]
[Black "Palmer, Eric"]
[Result "1/2-1/2"]
[WhiteElo "1685"]
[BlackElo "1575"]
[PlyCount "36"]
[EventDate "2006.10.15"]
[SourceDate "2006.11.12"]

1. d4 c5 2. Nf3 e6 3. e3 d5 4. c4 dxc4 5. Bxc4 a6 6. a4 Nf6 7. O-O Be7 8. Nc3
O-O 9. dxc5 Qxd1 10. Rxd1 Bxc5 11. b3 Bd7 12. Ba3 Bxa3 13. Rxa3 Nc6 14. Ra2 Na5
15. Ne5 Bc6 16. b4 Nxc4 17. Nxc4 Nd5 18. Nxd5 Bxd5 1/2-1/2

[Event "Guernsey Holiday"]
[Site "Guernsey GCI"]
[Date "2006.10.19"]
[Round "5"]
[White "Bakkes, Frits"]
[Black "Brown, Jim"]
[Result "1-0"]
[WhiteElo "1639"]
[BlackElo "1128"]
[PlyCount "49"]
[EventDate "2006.10.15"]
[SourceDate "2006.11.12"]

1. d4 d6 2. e4 e6 3. Nc3 Be7 4. Nf3 Nd7 5. Bc4 c6 6. Bf4 Ngf6 7. Qd2 O-O 8.
O-O-O b5 9. Bd3 Re8 10. e5 dxe5 11. dxe5 Nc5 12. exf6 Nxd3+ 13. Qxd3 Qxd3 14.
Rxd3 Bxf6 15. Ne4 Be7 16. Ne5 c5 17. Nc6 Bb7 18. Nxe7+ Rxe7 19. Rhd1 Ree8 20.
Nd6 c4 21. Rd4 Bd5 22. Nxe8 Rxe8 23. f3 a5 24. Re1 a4 25. Rxd5 1-0

[Event "Guernsey Holiday"]
[Site "Guernsey GCI"]
[Date "2006.10.19"]
[Round "5"]
[White "Dokter, Marike"]
[Black "Harnden, Terry"]
[Result "1/2-1/2"]
[WhiteElo "1601"]
[BlackElo "1515"]
[PlyCount "69"]
[EventDate "2006.10.15"]
[SourceDate "2006.11.12"]

1. e4 c5 2. Nc3 d6 3. f4 Nc6 4. Bc4 e6 5. Nf3 g6 6. O-O Bg7 7. f5 exf5 8. d3
Ne5 9. Nxe5 Bxe5 10. Qe1 f4 11. Bxf4 Bxf4 12. Rxf4 Be6 13. Nd5 Bxd5 14. Bxd5 f6
15. Bxb7 Rb8 16. Bc6+ Kf8 17. Qc3 Qe7 18. Raf1 Kg7 19. Bd5 Qe5 20. Qa5 Qe7 21.
b3 Rf8 22. g4 g5 23. R4f3 Nh6 24. h3 Kg6 25. Qe1 Qe5 26. Qa5 Qe7 27. a3 Ng8 28.
Rf5 Nh6 29. R5f3 Ng8 30. Qc3 Qe5 31. Qc4 Qd4+ 32. Qxd4 cxd4 33. b4 Ne7 34. Be6
Nc6 35. Bf5+ 1/2-1/2